000 01907nam a2200421 c 4500
003 BLK
005 20190219104238.0
008 180412b bul|||||r ||||||| ||bul||
010 _aKNG00001866000
020 _a954-8147-11-4
_bиздат.: Регалия 6
040 _aBLK
041 _aBUL
_cBUL
080 _aБългарски език
_b811.163.2
_x(035)
_z811.163.2(035)
080 _aРедактиране. Подготовка за публикуване. Вж и 070.4
_b808.2
_x(035)
_z808.2(035)
100 1 _aЯнакиев, Мирослав Н.
_eпърви автор
_9243598
139 _aЯнакиев, Мирослав Н.
_bЯ 51
245 1 0 _aКак да редактираме свой или несвой текст
_b[Ръководство]
_cМирослав Н. Янакиев.
250 _a2. доп. изд.
257 _aBGR
260 София
_bРегалия 6
_c1994
300 _a133 с.
_c20 см
380 _a80
490 1 _aПоредица Езикова компетентност
500 _a1 изд. 1975 със загл. Как да редактираме собствено съчинение на изд. Народна просвета, в Библиотека Родна реч омайна ; N 5. - 7 000 тир.
650 4 _aРедакторска работа
_9169132
650 4 _aСъчинения по литература - наръчници и ръководства
_9243599
650 4 _aБългарски език - наръчници и ръководства
_9243600
653 _aредактиране
653 _aсъчинение разсъждение
653 _aбългарски език
653 _aнаръчници
653 _aръководства
852 _aЦб 177480
856 4 _qpdf
_u
856 4 _qpdf
_u
942 _cKNG
_n0
_01
944 _aCR
_c15.01.2003
_kЛюдмила_Стоянова
944 _aED
_c21.04.2008
_k
999 _c1096
_d1096